[Event "Natal op"]
[Site "Natal"]
[Date "2013.09.08"]
[Round "6"]
[White "Cunha, Eduardo Arruda da G"]
[Black "De Franca, Francisco Assuero B"]
[Result "1-0"]
[WhiteElo "2213"]
[BlackElo "1800"]
[PlyCount "45"]
[EventDate "2013.09.06"]
[EventType "swiss"]
[EventRounds "6"]
[EventCountry "BRA"]
[SourceTitle "EXT 2016"]
[Source "ChessBase"]
[SourceDate "2015.10.08"]
[SourceVersion "1"]
[SourceVersionDate "2015.10.08"]
[SourceQuality "1"]

1. e4 c5 2. Nf3 d6 3. d4 cxd4 4. Nxd4 Nf6 5. Nc3 a6 6. Bg5 e6 7. f4 Nbd7 8. Qf3 Qb6 9. 0-0-0 h6 10. Bh4 Be7 11. Bc4 g5 12. Bf2 Qc7 13. Bxe6 fxe6 14. Nxe6 Qc4 15. Ng7+ Kf8 16. Nf5 g4 17. Qe3 Nc5 18. Nxe7 Kxe7 19. e5 Nfe4 20. Nxe4 Qxe4 21. exd6+ Kd7 22. Qxc5 Qc6 23. Qf5+ 1-0